Dual trajectories of depression/anxiety symptoms and alcohol use, and their implications for violence outcomes among drug-using urban youth

Gespeichert in:  
Bibliographische Detailangaben
VerfasserInnen: Goldstick, Jason E (Verfasst von) ; Cunningham, Rebecca M (Verfasst von) ; Walton, Maureen A (Verfasst von) ; Carter, Patrick M. (Verfasst von) ; Bonar, Erin E (Verfasst von) ; Davis, Alan K (Verfasst von) ; Bohnert, Kipling M (Verfasst von)
Medienart: Elektronisch Aufsatz
Sprache:Englisch
Veröffentlicht: 2018
In: Alcohol and alcoholism
Jahr: 2018, Band: 53, Heft: 6, Seiten: 659-666
Online-Zugang: Volltext (kostenfrei)
Verfügbarkeit prüfen: HBZ Gateway

MARC

LEADER 00000caa a22000002c 4500
001 1912524538
003 DE-627
005 20250114054950.0
007 cr uuu---uuuuu
008 241217s2018 xx |||||o 00| ||eng c
024 7 |a 10.1093/alcalc/agy036  |2 doi 
035 |a (DE-627)1912524538 
035 |a (DE-599)KXP1912524538 
040 |a DE-627  |b ger  |c DE-627  |e rda 
041 |a eng 
084 |a 2,1  |2 ssgn 
100 1 |a Goldstick, Jason E  |e VerfasserIn  |4 aut 
245 1 0 |a Dual trajectories of depression/anxiety symptoms and alcohol use, and their implications for violence outcomes among drug-using urban youth 
264 1 |c 2018 
336 |a Text  |b txt  |2 rdacontent 
337 |a Computermedien  |b c  |2 rdamedia 
338 |a Online-Ressource  |b cr  |2 rdacarrier 
700 1 |a Cunningham, Rebecca M  |e VerfasserIn  |4 aut 
700 1 |a Walton, Maureen A  |e VerfasserIn  |4 aut 
700 1 |a Carter, Patrick M.  |e VerfasserIn  |0 (DE-588)1320992226  |0 (DE-627)1881213757  |4 aut 
700 1 |a Bonar, Erin E  |e VerfasserIn  |4 aut 
700 1 |a Davis, Alan K  |e VerfasserIn  |4 aut 
700 1 |a Bohnert, Kipling M  |e VerfasserIn  |4 aut 
773 0 8 |i Enthalten in  |t Alcohol and alcoholism  |d Oxford : Oxford Univ. Press, 1963  |g 53(2018), 6, Seite 659-666  |h Online-Ressource  |w (DE-627)300897014  |w (DE-600)1483492-3  |w (DE-576)096290439  |x 1464-3502  |7 nnas 
773 1 8 |g volume:53  |g year:2018  |g number:6  |g pages:659-666 
787 0 8 |i Forschungsdaten  |a Zimmerman, Marc A.  |t Flint (Michigan) Adolescent Study (FAS): A Longitudinal Study of School Dropout and Substance Use, 1994-1997  |d [Erscheinungsort nicht ermittelbar] : [Verlag nicht ermittelbar], 2014  |w (DE-627)1902793110 
787 0 8 |i Forschungsdaten  |a Cunningham, Rebecca  |t Substance Use Among Violently Injured Youth in an Urban Emergency Department: Services and Outcomes in Flint, Michigan, 2009-2013 (Public-Use)  |d [Erscheinungsort nicht ermittelbar] : [Verlag nicht ermittelbar], 2017  |w (DE-627)1840043121 
787 0 8 |i Forschungsdaten  |a Cunningham, Rebecca  |t Substance Use Among Violently Injured Youth in an Urban Emergency Department: Services and Outcomes in Flint, Michigan, 2009-2013  |d [Erscheinungsort nicht ermittelbar] : [Verlag nicht ermittelbar], 2016  |w (DE-627)1840043970 
856 |u https://academic.oup.com/alcalc/article-pdf/53/6/659/26177790/agy036.pdf  |x unpaywall  |z Vermutlich kostenfreier Zugang  |h publisher [deprecated] 
856 4 0 |u https://doi.org/10.1093/alcalc/agy036  |x Resolving-System  |z kostenfrei  |3 Volltext  |7 0 
935 |a mkri 
951 |a AR 
ELC |a 1 
LOK |0 000 xxxxxcx a22 zn 4500 
LOK |0 001 4637490030 
LOK |0 003 DE-627 
LOK |0 004 1912524538 
LOK |0 005 20241217044349 
LOK |0 008 241217||||||||||||||||ger||||||| 
LOK |0 035   |a (DE-2619)ICPSR140781 
LOK |0 040   |a DE-2619  |c DE-627  |d DE-2619 
LOK |0 092   |o n 
LOK |0 852   |a DE-2619 
LOK |0 852 1  |9 00 
LOK |0 935   |a nacp 
LOK |0 939   |a 17-12-24  |b l01 
OAS |a 1 
ORI |a SA-MARC-krimdoka001.raw